书目信息 |
| 书名: | An atlas of anatomy | |
| 作者: | by J.C. Boileau Grant | |
| 分册号: | ||
| 分册名: | 出版地: | London : |
|
| 出版社: | Bailliere, Tindall & Cox, Ltd | |
| 出版时间: | 1962. | |
| 页数: | 1 v. (unpaged) : | |
| 开本: | 29 cm. | |
| 丛书名: | ||
| 中图分类号: | ||
| 科图分类号: | ||
| 其他分类号: | Q25 | |
| 主题词: | ||
| 电子资源: | ||
| 000 | 00803nam 2200241 a 4500 | |
| 001 | E0731323132 | |
| 004 | 001303555 | |
| 005 | 20070430084419.35 | |
| 008 | 001 0 eng | |
| 008 | 4001uueng0000000 | |
| 040 | @aCcBjTSG | |
| 090 | @aQM25 @bG76/1962 | |
| 090 | @aQ25 | |
| 099 | @dQ25@ex10=5 | |
| 100 | 1 | @aGrant, J. C. Boileau @q(John Charles Boileau), @d1886-1973. |
| 245 | 13 | @aAn atlas of anatomy / @cby J.C. Boileau Grant |
| 260 | @aLondon :@bBailliere, Tindall & Cox, Ltd.,@c1962. | |
| 300 | @a1 v. (unpaged) :@bill. (part col.) ;@c29 cm. | |
| 500 | @a"A William Wood book." | |
| 500 | @a"Reprinted, 1945." | |
| 504 | @aIncluding bibliographical references and index. | |
| 650 | 0 | @aAnatomy, Human @xAtlases. @b40 @c20060526 @lNLC09 @h1046 |
| 852 | 01 | @bWWJC @cJ17N @kR @hQM25 @iG76/1962 |
| An atlas of anatomy / / by J.C. Boileau Grant.-London : : Bailliere, Tindall & Cox, Ltd., , 1962. |
| 1 v. (unpaged) : : ill. (part col.) ; ; 29 cm. |
| "A William Wood book." .-"Reprinted, 1945." .-Including bibliographical references and index. |
| ISBN |
| ● |
| 相关链接 |
|
|
|
|
正题名:atlas of anatomy
索取号:Q25/x10=5
 
预约/预借
| 序号 | 登录号 | 条形码 | 馆藏地/架位号 | 状态 | 备注 |
| 1 | 6089 | 300060895 | 第二样本阅览室/ [索取号:Q25/x10=5] | 在馆 |